000
00190 a2200097 4500
020
_a
9788401336393
041
_a
spa
100
_a
Ariza luis miguel
245
_a
Proyecto lazaro
942
_c
BK
999
_c
10757
_d
10757